📖 150 premiers mots "Mémé goes to Hollywood" Monfils - Statistiques

Statistiques générales
  • Ce quiz a Ă©tĂ© pris 9 fois
  • Le rĂ©sultat moyen est 84 sur 150
Statistiques - réponses
Mots % Correct
moi' :
100%
'5, 4, 3, 2, 1...0 !
75%
A
75%
Ă 
75%
animateur
75%
attendait.
75%
au
75%
avait
75%
Avec
75%
big
75%
blabla
75%
c'
75%
"c'
75%
ça,
75%
cas
75%
Ce
75%
ce
75%
ci
75%
Cornemuse
75%
coup-
75%
d'
75%
dans
75%
de
75%
des
75%
du
75%
elle
75%
en
75%
est
75%
et
75%
était
75%
fait
75%
il
75%
Jacques
75%
l'
75%
L'
75%
lĂ ,
75%
la
75%
le
75%
les
75%
mais
75%
Mémé
75%
mûres,
75%
ne
75%
night
75%
occasion
75%
oĂą
75%
oĂą...
75%
Padrouille
75%
pas
75%
personne,
75%
personne
75%
pour
75%
Pradouille
75%
qui
75%
s'
75%
sa
75%
sans
75%
savait
75%
se
75%
ses
75%
soir-
75%
son
75%
sous
75%
sunlights",
75%
tout
75%
un
75%
une
75%
vertes
75%
vous !'
75%
vu,
75%
Après
50%
crolles,
50%
faire
50%
Pourtant
50%
sur
50%
déjà
25%
émission
25%
invité ...
25%
inviter
25%
laquelle
25%
plateau
25%
venait
25%
accrochait
0%
adopter
0%
'Adoptez-
0%
annoncé
0%
baskets
0%
caché
0%
carrément
0%
cassée
0%
chaussé
0%
consistait
0%
croco
0%
désireuse
0%
endossé
0%
famille.
0%
flingue
0%
fluo
0%
habituelle
0%
imitation
0%
paletot
0%
payer,
0%
piqué
0%
pomme
0%
pourrie
0%
racoleur,
0%
resto
0%
sacoche
0%
séquence
0%
seule,
0%
tendance.
0%
tomber
0%
vestiaire
0%
Aucun quiz correspondant
Distribution des résultats
% des personnes avec chaque résultat
Percentile par nombre de réponses
Votre historique - résultats
Vous n’avez pas pris ce quiz